书目信息 |
| 题名: |
土工合成材料应用技术规范GB 50290-98
|
|
| 作者: | 中华人民共和国水利部 编 | |
| 分册: | ||
| 出版信息: | 北京 中国计划出版社 1998.12 |
|
| 页数: | 53页 | |
| 开本: | 32开 | |
| 丛书名: | ||
| 单 册: | ||
| 中图分类: | TU5-65 | |
| 科图分类: | ||
| 主题词: | 建筑材料 | |
| 电子资源: | ||
| ISBN: | ||
| 000 | 00640nam0 2200193 45 | |
| 001 | 0009241058 | |
| 005 | 20000924104631.4 | |
| 010 | @d8.00元 | |
| 100 | @a20000924d1998 km y0chiy0120 ea | |
| 101 | 0 | @achi |
| 105 | @a z 000yy | |
| 200 | 1 | @a土工合成材料应用技术规范GB 50290-98@ATu Gong He Cheng Cai Liao Ying Yong Ji Shu Gui Fan GB 50290-98@f中华人民共和国水利部编@FZhong Hua Ren Min Gong He Guo Shui Li Bu Bian |
| 210 | @a北京@c中国计划出版社@d1998.12 | |
| 215 | @a53页@d32开 | |
| 606 | 0 | @a建筑材料 |
| 690 | @aTU5-65@v3 | |
| 701 | 0 | @a中华人民共和国水利部@4编 |
| 801 | @aCN@bPftUser@c20000924 | |
| 905 | @b152079-083@dTU5-65@eZH:706@f5 | |
| 土工合成材料应用技术规范GB 50290-98/中华人民共和国水利部编.-北京:中国计划出版社,1998.12 |
| 53页;32开 |
| ISBN :8.00元 |
| ● |
| 相关链接 |
|
|
|
正题名:土工合成材料应用技术规范GB 50290-98
索取号:TU5-65/ZH:706
 
预约/预借
| 序号 | 登录号 | 条形码 | 馆藏地/架位号 | 状态 | 备注 |
| 1 | 152079 | 201520791 | 自科二线404/404自科库 2排4列4层/ [索取号:TU5-65/ZH:706] | 在馆 | |
| 2 | 152080 | 201520808 | 自科二线404/201建筑库 5排4列3层/ [索取号:TU5-65/ZH:706] | 在馆 | |
| 3 | 152081 | 201520817 | 自科二线404/404自科库 2排4列4层/ [索取号:TU5-65/ZH:706] | 在馆 | |
| 4 | 152082 | 201520826 | 自科二线404/201建筑库 5排4列3层/ [索取号:TU5-65/ZH:706] | 在馆 | |
| 5 | 152083 | 201520835 | 建筑库201/201建筑库 5排1列1层/ [索取号:TU5-65/ZH:706] | 在馆 |